Artificial intelligence (Record no. 136337)

000 -LEADER
fixed length control field 00293nam a2200121Ia 4500
008 - FIXED-LENGTH DATA ELEMENTS--GENERAL INFORMATION
fixed length control field 220120s9999||||xx |||||||||||||| ||und||
020 ## - INTERNATIONAL STANDARD BOOK NUMBER
International Standard Book Number 9788129137326
082 ## - DEWEY DECIMAL CLASSIFICATION NUMBER
Classification number 006.3 LAG
100 ## - MAIN ENTRY--PERSONAL NAME
Personal name Lagger, George, F
245 #0 - TITLE STATEMENT
Title Artificial intelligence
260 ## - PUBLICATION, DISTRIBUTION, ETC.
Name of publisher, distributor, etc. New Delhi
300 ## - PHYSICAL DESCRIPTION
Extent 196p.
Other physical details 176
Holdings
Withdrawn status Lost status Damaged status Not for loan Collection code Home library Current library Date acquired Barcode Date last seen Price effective from Koha item type
        Artificial Intelligence and Machine Learning Central Library Central Library 01/20/2022 GF196 01/20/2022 01/20/2022 Gift Books

Powered by Koha